К вопросу обесфеноливания сточных вод коксохимических заводов посредством буроугольных фильтров; Ученые записки; № 34

গ্রন্থ-পঞ্জীর বিবরন
Parent link:Ученые записки: [сборник статей]/ Томский государственный университет (ТГУ).— , 1946-
№ 34.— 1958.— С. 184-193
প্রধান লেখক: Просекова Л. Ф.
ভাষা:রুশ
প্রকাশিত: 1958
বিষয়গুলি:
বিন্যাস: গ্রন্থের অধ্যায়
KOHA link:https://koha.lib.tpu.ru/cgi-bin/koha/opac-detail.pl?biblionumber=593591

MARC

LEADER 00000naa2a2200000 4500
001 593591
005 20231101131751.0
035 |a (RuTPU)RU\TPU\tpu\7134 
090 |a 593591 
100 |a 20011210d1958 k y0rusy50 ca 
101 0 |a rus 
102 |a RU 
200 1 |a К вопросу обесфеноливания сточных вод коксохимических заводов посредством буроугольных фильтров  |f Л. Ф. Просекова 
320 |a Библиогр.: 16 назв. 
461 |0 (RuTPU)RU\TPU\retro\10857  |t Ученые записки  |o [сборник статей]  |f Томский государственный университет (ТГУ)  |d 1946-   |s Ученые записки Томского государственного университета (ТГУ) 
463 |0 (RuTPU)RU\TPU\retro\25904  |t № 34  |f под ред. В. А. Хахлова  |v С. 184-193  |d 1958  |p 269 с. 
610 1 |a химическая промышленность 
610 1 |a коксохимические заводы 
610 1 |a сточные воды 
610 1 |a обесфеноливание 
610 1 |a фильтры 
610 1 |a труды учёных ТПУ 
700 1 |a Просекова  |b Л. Ф. 
801 0 |a RU  |b 63413507  |c 20011210  |g PSBO 
801 2 |a RU  |b 63413507  |c 20220706  |g PSBO 
942 |c BK